000 00854nam a2200229 a 4500
999 _c8060
_d8060
001 8060
003 BD-JhCC
005 20180218091128.0
008 180218s1983 bg a|||| ||a| 000 0 ben d
035 _a(BD-JhCC)8060
040 _aBD-JhCC
_dBD-JhCC
041 _aben
082 _a574
_bAZM 1983
100 _aআজমল, গাজী এস. এম.
245 _aউচ্চ মাধ্যমিক জীবজ্ঞিান (দ্বিতীয় খণ্ড : প্রাণিবিজ্ঞান) /
_cগাজী এস. এম. আজমল এবং গাজী এস. এম. আসমত
260 _aঢাকা :
_bগাজী পাবলিশার্স,
_c1983
300 _a595 p. :
_c22 cm.
650 _aBiology
700 _aআসমত, গাজী এস. এম.
942 _2ddc
_cBK